000 00277nam a2200109Ia 4500
008 200302s9999 xx 000 0 und d
100 _aSusan Alyson Stein
245 _aVan Gogh A Retrospective
260 _bHugh Larter Levin Asoociates Inc.
260 _c1986
300 _a385 P.,
999 _c1596
_d1596